000 00589nam a2200181Ia 4500
008 090630s9999 xx 000 0 und d
082 _b15193
100 _aपोखरकर प्रशांत.
245 _aलाईफ लाईन.
_cपोखरकर प्रशांत.
260 _bपुष्प.
300 _a0
600 _aपोखरकर प्रशांत.
630 _aलाईफ लाईन.
655 _aकादंबरी.
700 _aपोखरकर प्रशांत.
730 _aलाईफ लाईन.
942 _cBOOK
999 _c267049
_d267049